000 01032nam a2200241 a 4500
001 000026159
003 OSt
005 20240229073936.0
008 110303s1946 dr ac r 000 0 spa d
040 _aDO-SdBNP
_bspa
_cBNPHU
082 _a972.93053
_bT866d, 1946
100 1 _aTrujillo Molina, Rafael Leónidas,
_d 1891-1961
_976764
245 1 0 _aDiscursos, mensajes y proclamas /
_cRafael Leonidas Trujillo Molina.
260 _aSantiago de los Caballeros, República Dominicana :
_bEditorial El Diario,
_c1946-.
300 _av. :
_bil.,retrs. ;
_c25 cm.
500 _aLa biblioteca posee los volúmenes 1, 2, 3 , 4, 5, 6, 7, 8, 9, 10 y 11
590 _aInventariado, 2018/BT
650 4 _aDiscursos presidenciales
_910061
651 4 _aRepública Dominicana
_xPolítica y Gobierno
_yEra de Trujillo, 1930-1961
_xEnsayos, conferencias, etc.
_930546
651 4 _aRepública Dominicana
_xHistoria
_yEra de Trujillo, 1930-1961
_xEnsayos, conferencias, etc.
_930520
910 _aValidado. Control de calidad. MFF
942 _2ddc
_cLBS1
999 _c25651
_d25651